Radicalization in Adolescence: the Identification of Vulnerable Groups
Given that the normative search for identity and belonging, as well as political socialization, plays an important role during adolescence, this life stage is characterized by high vulnerability to radicalization processes. When investigating the influence of different factors on radicalization proc...
| VerfasserInnen: | ; ; ; ; ; |
|---|---|
| Medienart: | Elektronisch Aufsatz |
| Sprache: | Englisch |
| Veröffentlicht: |
2022
|
| In: |
European journal on criminal policy and research
Jahr: 2022, Band: 28, Heft: 2, Seiten: 177-201 |
| Online-Zugang: |
Volltext (kostenfrei) |
| Verfügbarkeit prüfen: | HBZ Gateway |
| Schlagwörter: |
MARC
| LEADER | 00000naa a22000002c 4500 | ||
|---|---|---|---|
| 001 | 1839951885 | ||
| 003 | DE-627 | ||
| 005 | 20230323160418.0 | ||
| 007 | cr uuu---uuuuu | ||
| 008 | 230323s2022 xx |||||o 00| ||eng c | ||
| 024 | 7 | |a 10.1007/s10610-022-09505-x |2 doi | |
| 035 | |a (DE-627)1839951885 | ||
| 035 | |a (DE-599)KXP1839951885 | ||
| 040 | |a DE-627 |b ger |c DE-627 |e rda | ||
| 041 | |a eng | ||
| 084 | |a 2,1 |2 ssgn | ||
| 100 | 1 | |a Schröder, Carl Philipp |e VerfasserIn |4 aut | |
| 109 | |a Schröder, Carl Philipp |a Schröder, C.P. | ||
| 245 | 1 | 0 | |a Radicalization in Adolescence: the Identification of Vulnerable Groups |
| 264 | 1 | |c 2022 | |
| 336 | |a Text |b txt |2 rdacontent | ||
| 337 | |a Computermedien |b c |2 rdamedia | ||
| 338 | |a Online-Ressource |b cr |2 rdacarrier | ||
| 520 | |a Given that the normative search for identity and belonging, as well as political socialization, plays an important role during adolescence, this life stage is characterized by high vulnerability to radicalization processes. When investigating the influence of different factors on radicalization processes, latent profile analysis can identify and analyze groups of adolescents with different vulnerabilities. Based on a sample of 6,715 ninth-graders from Germany, we identified six latent classes with specific vulnerabilities to right-wing attitudes as one possible outcome of radicalization. The results show that the class with the highest approval of right-wing statements mainly consists of male adolescents with a high sense of relative disadvantage and social deprivation. Specific family ties constitute a unique feature among those who are indifferent in their attitudes. | ||
| 650 | 4 | |a latent profile analysis | |
| 650 | 4 | |a Radicalization | |
| 650 | 4 | |a Right-wing Extremism | |
| 650 | 4 | |a Youth | |
| 700 | 1 | |a Bruns, Jannik |e VerfasserIn |4 aut | |
| 700 | 1 | |a Lehmann, Lena |e VerfasserIn |4 aut | |
| 700 | 1 | |a Goede, Laura-Romina |e VerfasserIn |4 aut | |
| 700 | 1 | |a Bliesener, Thomas |e VerfasserIn |4 aut | |
| 700 | 1 | |a Tomczyk, Samuel |e VerfasserIn |4 aut | |
| 773 | 0 | 8 | |i Enthalten in |t European journal on criminal policy and research |d Dordrecht [u.a.] : Springer Science + Business Media B.V, 1993 |g 28(2022), 2, Seite 177-201 |h Online-Ressource |w (DE-627)320528197 |w (DE-600)2015435-5 |w (DE-576)121465713 |x 1572-9869 |7 nnas |
| 773 | 1 | 8 | |g volume:28 |g year:2022 |g number:2 |g pages:177-201 |
| 856 | |u https://link.springer.com/content/pdf/10.1007/s10610-022-09505-x.pdf |x unpaywall |z Vermutlich kostenfreier Zugang |h publisher [open (via crossref license)] | ||
| 856 | 4 | 0 | |u https://doi.org/10.1007/s10610-022-09505-x |x Resolving-System |z kostenfrei |3 Volltext |7 0 |
| 951 | |a AR | ||
| ELC | |a 1 | ||
| LOK | |0 000 xxxxxcx a22 zn 4500 | ||
| LOK | |0 001 4295976849 | ||
| LOK | |0 003 DE-627 | ||
| LOK | |0 004 1839951885 | ||
| LOK | |0 005 20230323160418 | ||
| LOK | |0 008 230323||||||||||||||||ger||||||| | ||
| LOK | |0 040 |a DE-21-110 |c DE-627 |d DE-21-110 | ||
| LOK | |0 092 |o n | ||
| LOK | |0 852 |a DE-21-110 | ||
| LOK | |0 852 1 |9 00 | ||
| LOK | |0 935 |a krub |a krzo | ||
| LOK | |0 939 |a 23-03-23 |b l01 | ||
| OAS | |a 1 | ||
| ORI | |a SA-MARC-krimdoka001.raw | ||
